Government accounting & accounting for non- profit organizations/ (Record no. 1797)

MARC details
000 -LEADER
fixed length control field 00590nam a22001817a 4500
003 - CONTROL NUMBER IDENTIFIER
control field OSt
005 - DATE AND TIME OF LATEST TRANSACTION
control field 20240702063823.0
008 - FIXED-LENGTH DATA ELEMENTS--GENERAL INFORMATION
fixed length control field 240702b |||||||| |||| 00| 0 eng d
020 ## - INTERNATIONAL STANDARD BOOK NUMBER
International Standard Book Number 9786218029156
040 ## - CATALOGING SOURCE
Original cataloging agency DWC- Main Lib
Transcribing agency OC
082 ## - DEWEY DECIMAL CLASSIFICATION NUMBER
Classification number Fil. 657.835 M645g 2018
100 ## - MAIN ENTRY--PERSONAL NAME
Personal name Millan , Zeus Vernon B.
245 ## - TITLE STATEMENT
Title Government accounting & accounting for non- profit organizations/
Statement of responsibility, etc. Zeus Vernon B. Millan
260 ## - PUBLICATION, DISTRIBUTION, ETC.
Place of publication, distribution, etc. Baguio Philippines :
Name of publisher, distributor, etc. Bandolin Enterprises ,
Date of publication, distribution, etc. c2018.
300 ## - PHYSICAL DESCRIPTION
Extent x , 483 pages :
Other physical details illustration ;
Dimensions 22cm.
650 ## - SUBJECT ADDED ENTRY--TOPICAL TERM
Topical term or geographic name entry element 1. Accounting
942 ## - ADDED ENTRY ELEMENTS (KOHA)
Source of classification or shelving scheme Dewey Decimal Classification
Koha item type Book-Filipiniana
Suppress in OPAC Yes
952 ## - LOCATION AND ITEM INFORMATION (KOHA)
--
952 ## - LOCATION AND ITEM INFORMATION (KOHA)
--
952 ## - LOCATION AND ITEM INFORMATION (KOHA)
--
952 ## - LOCATION AND ITEM INFORMATION (KOHA)
--
952 ## - LOCATION AND ITEM INFORMATION (KOHA)
--
952 ## - LOCATION AND ITEM INFORMATION (KOHA)
--
952 ## - LOCATION AND ITEM INFORMATION (KOHA)
--
952 ## - LOCATION AND ITEM INFORMATION (KOHA)
--
Holdings
Withdrawn status Lost status Source of classification or shelving scheme Damaged status Not for loan Home library Current library Date acquired Source of acquisition Cost, normal purchase price Total Checkouts Full call number Barcode Date last seen Copy number Price effective from Koha item type Uniform Resource Identifier Shelving location
    Dewey Decimal Classification     College Library College Library 08/09/2019 School Fund 995.00   Fil. 657.835 M645g 2018 52096 07/02/2024 c1 07/02/2024 BK - FIL  
    Dewey Decimal Classification     College Library College Library 10/08/2019 School Fund     Fil. 657.835 M645g 2018 52288 07/02/2024 c2 07/02/2024 BK - FIL  
    Dewey Decimal Classification     College Library College Library 10/08/2019 School Fund     Fil. 657.835 M645g 2018 52289 07/02/2024 c3 07/02/2024 BK - FIL  
    Dewey Decimal Classification     College Library College Library 10/08/2019 School Fund     Fil. 657.835 M645g 2018 52290 07/02/2024 c4 07/02/2024 BK - FIL  
    Dewey Decimal Classification     College Library College Library 08/31/2021 School Fund     Fil. 657.835 M645g 2018 52934 07/02/2024 c5 07/02/2024 BK - FIL  
    Dewey Decimal Classification     College Library College Library 08/31/2021 School Fund     Fil. 657.835 M645g 2018 52935 07/02/2024 c6 07/02/2024 BK - FIL  
    Dewey Decimal Classification     College Library College Library 08/31/2021 School Fund     Fil. 657.835 M645g 2018 52936 07/02/2024 c7 07/02/2024 BK - FIL  
    Dewey Decimal Classification     College Library College Library 07/02/2025 Donation     Fil. 657.835 M645g 2018 54440 07/02/2025 c6 07/02/2025 BK - FIL Filipiniana